|
|
|
|
| LEADER |
00000nam a2200000 a 4500 |
| 001 |
vtls001279940 |
| 003 |
SK-MaSNL |
| 005 |
20260425231712.0 |
| 008 |
160414s1996 xo a y 0 slo |
| 015 |
|
|
|a SNBE1997/0300836
|
| 020 |
|
|
|a 8022310581
|
| 035 |
|
|
|a SNK000231309
|
| 040 |
|
|
|a SNK
|b slo
|c SNK
|e AACR2
|
| 041 |
0 |
|
|a slo
|
| 044 |
|
|
|a xo
|c SK
|
| 080 |
|
|
|a 378.4.096:615(073)"1996/1997"
|2 1.stred. slo
|
| 110 |
0 |
|
|a Univerzita Komenského v Bratislave.
|b Farmaceutická fakulta
|4 aut
|
| 245 |
1 |
|
|a Študijný program. Školský rok 1996/1997
|b Farmaceutická fakulta
|
| 260 |
|
|
|a Bratislava
|b Univerzita Komenského
|c 1996
|
| 300 |
|
|
|a 88 s.
|b fotogr., tab.
|c 21 cm
|
| 500 |
|
|
|a 1600 výt.
|
| 610 |
2 |
7 |
|a Univerzita Komenského v Bratislave.
|b Farmaceutická fakulta
|2 SNK
|
| 651 |
|
7 |
|a Bratislava (Slovensko)
|2 SNK
|9 14568
|
| 655 |
|
7 |
|a informačné publikácie
|2 SNK
|9 70181
|
| 919 |
|
|
|a 80-223-1058-1
|
| 958 |
|
|
|a TL
|
| 999 |
|
|
|c 713713
|d 715643
|
| 952 |
|
|
|t P60, <09>, [BOOK], {629}
|a SNK
|b SNK
|y NEVYP
|7 0
|o snkC 667
|i snk1250/970319
|0 0
|1 0
|4 0
|d 1997-03-17
|l 0
|r 2005-01-02 00:00:00
|w 2026-02-23
|
| 952 |
|
|
|t P60, <06>, [BOOK], {606}
|a SNK
|b SNK
|y PREZ
|7 0
|p 17A0055384
|o snkČSD 659/1996/97
|i snkKSP 2904/97
|0 0
|1 0
|4 0
|d 1997-03-17
|l 0
|r 2005-01-02 00:00:00
|w 2026-02-23
|
| 952 |
|
|
|t P60, <06>, [BOOK], {606}
|a SNK
|b SNK
|y PREZ
|7 0
|p 17A0055383
|o snkČSD 659/1996/97 D1
|i snkKSP 2905/97
|0 0
|1 0
|4 0
|d 1997-03-17
|l 0
|r 2005-01-02 00:00:00
|w 2026-02-23
|